| 000 | 01068nas a2200337 4500 | ||
|---|---|---|---|
| 001 | BR2015000782 | ||
| 003 | BR-BrBNA | ||
| 005 | 20231205125015.0 | ||
| 007 | ta | ||
| 008 | 230509b bl.|||p| |||| 00| 00por d | ||
| 040 |
_aBR-BrBNA _bpor _cBiblioteca Nacional de Agricultura |
||
| 041 | _a(En) | ||
| 072 | _aF60; F03 | ||
| 100 | 1 | _aCalderon, L.A. | |
| 100 | 1 | _aAlmeida Filho, H.A. | |
| 100 | 1 | _aTeles, R.C. L. | |
| 100 | 1 | _aMedrano, F.J. | |
| 100 | 1 | _aBloch Junior, C. | |
| 100 | 1 | _aSantoro, M.M. | |
| 100 | 1 | _aFreitas, S.M. | |
| 245 | 1 | _aPurification and structural stability of a trypsin inhibitor from Amazon Inga cylindrica [Vell.]Mart. seeds | |
| 650 | _aINGA | ||
| 650 | _aSEMENTE | ||
| 650 | _aINIBIDOR DE PROTEÍNA | ||
| 650 | _aANALISE QUÍMICA | ||
| 650 | _aMETABOLISMO PROTEICO | ||
| 773 | 0 |
_tBrazilian Journal of Plant Physiology (Brazil) _xISSN 1677-0420 _g(2010), v. 22(2) p. 73-79 _wBR2015000782 |
|
| 856 | 4 | 0 | _uhttp://www.scielo.br/pdf/bjpp/v22n2/v22n2a01.pdf |
| 909 |
_a202311 _bLúcia _c55 _dLúcia Elande |
||
| 942 |
_2AGRIS _n0 _cANA |
||
| 999 |
_c242100 _d242100 |
||